The Scorsese connection /

Bibliographic Details
Main Author: Stern, Lesley
Format: Book
Language:English
Published: Bloomington : London : Indiana University Press ; British Film Institute, 1995.
Series:Perspectives (Bloomington, Ind.)
Subjects:

MARC

Tag First Indicator Second Indicator Subfields
LEADER 00000cam a2200000 a 4500
001 in00001329708
005 20151005084403.0
008 950817s1995 inua bq s001 0 eng
010 |a  95038574  
020 |a 085170512X 
035 |a (OCoLC)33078633 
035 |9 AHD8652AM 
040 |a DLC  |c DLC   |d UtOrBLW 
049 |a TXAM 
050 0 0 |a PN1998.3.S39  |b S74 1995 
082 0 0 |a 791.43/0233/092  |2 20 
100 1 |a Stern, Lesley. 
245 1 4 |a The Scorsese connection /  |c Lesley Stern. 
264 1 |a Bloomington :  |b Indiana University Press ;  |a London :  |b British Film Institute,  |c 1995. 
300 |a vii, 257 pages :  |b illustrations ;  |c 24 cm. 
336 |a text  |b txt  |2 rdacontent 
337 |a unmediated  |b n  |2 rdamedia 
338 |a volume  |b nc  |2 rdacarrier 
490 1 |a Perspectives 
504 |a Filmography: page 253. 
504 |a Includes bibliographical references (pages 229-252) and index. 
600 1 0 |a Scorsese, Martin  |x Criticism and interpretation. 
830 0 |a Perspectives (Bloomington, Ind.) 
999 |a MARS 
999 f f |s 820f0e2c-3a7f-3727-8689-c5417cc1d948  |i 5a6d74ca-5e88-3732-82ef-4808139ad079  |t 0 
952 f f |p ric  |a Texas A&M University  |b Rellis Campus  |c Joint Library Facility  |d Remote Storage  |t 0  |e PN1998.3.S39 S74 1995  |h Library of Congress classification  |i unmediated -- volume  |m A14820620924 
998 f f |a PN1998.3.S39 S74 1995  |t 0  |l Remote Storage